000 00610nam a22001937a 4500
999 _c61326
_d61326
005 20240212163053.0
008 240212s2020 enk||||| |||| 00| 0 eng d
020 _a9780486842851x
041 _aeng
080 _a51 S-82
100 _aStephenson, G.
_921223
245 _aMathematical Methods for Science Students /
_cG. Stephenson.
250 _aSecond Edition
264 _aNew York:
_bDover Publications,
_c2020.
300 _a544 p.;
_b22 cm.
653 _aმათემატიკური მეთოდები
653 _aმათემატიკა
942 _2udc
_cᲬᲘᲒᲜᲘ